000 01260nam a2200325 c 4500
003 BLK
005 20180420235636.0
008 180411b bul|||||r ||||||| ||bul||
010 _aKNG00184273000
040 _aBLK
041 _aBUL
_cBUL
080 _aМатематика
_b51
_x
_z51
100 1 _aХургин, Яков Исаевич
_eпърви автор
_9138698
700 1 _aАрнаудова, Екатерина
_eпрев. от рус.
_9320218
139 _aХургин, Яков Исаевич
_bХ 95
245 1 0 _aЕ, и какво?
_bРазговор на математика с различни специалисти
_cЯков Исаевич Хургин; прев. от рус. Екатерина Арнаудова.
257 _aRUS
260 София
_bТехника
_c1971
300 _a308 с.
_bс ил.
_c20 см
380 _a5
650 4 _aМатематика, приложна
_9274195
650 4 _aМатематическа статистика
_9250866
653 _aприложна математика
653 _aстатистика
852 _aЦб 57270
856 4 _qpdf
_u
856 4 _qpdf
_u
942 _cKNG
_n0
944 _aCR
_c29.10.2015
_kВаля_Йорданова
944 _aED
_c08.09.2017
_kРенета_Константинова
999 _c175679
_d175679